000 01210nam a22002777a 4500
001 TZ 0013
003 gtcocun
005 20250926181156.0
006 a||||gr|||| 00| 0
007 ta
008 250926b1997 gt ||||| m||| 00| 0 eng d
040 _agtcocun
_bSPA
_cgtcocun
_eRDA
041 _aSPA TZ 0013
084 _0TZ 0013
100 _aCoy Caal, Jorge Leobaldo
_eAutor
245 _aUTILIZACIÓN DE DIFERENTES NIVELES DE HARINA DE FOLLAJE DEL CLAVEL (Hibiscus rosa -sinesis L.) EN LA ALIMENTACIÓN DE POLLOS DE ENGORDE./
_cJorge Leobaldo Coy Caal.
_hImpreso
264 _aCobán, Alta Verapaz:
_bUniversidad de San Carlos de Guatemala, Centro Universitario del Norte, Zootecnia
_c1997
300 _a26 p.:
_bIlustraciones, gráficas.
_c28 cm;
502 _eTZ 0013
502 _aTesis de grado
_bZootecnia,
_cUniversidad de San Carlos de Guatemala, Centro Universitario del Norte, Zootecnia
_d1997
_oTZ 0013
650 1 4 _2LEMB
_aCobán, Alta Verapaz.
_xZootecnia
_xFollaje
_xMonogástricos
_xPromisoria
_xOrnamental
_xVariables
700 _eAsesor
856 _uSin archivo en línea.
_zSin archivo en línea.
942 _2ddc
_cTES
_iTZ 0013
_kClasificación
_n0
_6TZ_0013_000000000000000
999 _c2158
_d2158